Nemocenské dávky Základné predpisy

Salvato in:
Dettagli Bibliografici
Natura: Libro
Lingua:slovacco
Pubblicazione: Bratislava EPOS 1994
Edizione:1. vyd.
Soggetti:
Tags: Aggiungi Tag
Nessun Tag, puoi essere il primo ad aggiungerne!!

MARC

LEADER 00000nam a2200000 4500
001 c012008
005 20221214075341.6
020 |a 80-85703-72-6 
041 0 |a slo 
044 |a SK 
245 1 0 |a Nemocenské dávky  |b Základné predpisy 
250 |a 1. vyd. 
264 1 |a Bratislava  |b EPOS  |c 1994 
300 |a 112 s. 
610 2 0 |a poistenie nemocenské 
610 2 0 |a predpisy právne 
610 2 0 |a Slovensko 
610 2 0 |a vyhlášky